000 00531nam a2200181Ia 4500
008 180921t2007 xxu||||| |||| 00| 0 sin d
041 _asin
080 _a630
_bGUN
100 _aGunawardhana, H.J.
245 _aලෝක උරුමයක් වු සිංහරාජය
246 _aLoka urumayak u Sinharaajaya
260 _bForest conservation
_c2007
300 _a149p.,map., ill., 22 cm
650 _aForest
_aBiodiversity
_aSinharaja
942 _cBK
999 _c16419
_d16419
003 LK-CoDNM
040 _aLK-CoDNM
_dLK-CoDNM
_eLK-CoDNM